000 00600nam a2200169Ia 4500
008 231217s9999 xx 000 0 und d
020 _a9800000000000
041 _aEnglish
082 _a158.3 BUR;2 R1
100 _aBurleson, Janet.
245 0 _aConducting the programmer job interview : the IT manager guide with java, J2EE, C, C++, Unix, PHP and Oracle interview questions
260 _c2004
_bShroff
_aMumbai
300 _a294+3
400 _aIT job interview series
650 _aConducting,programmer,job,interview,manager,java,,J2EE,,C,,C++,,Unix,,PHP,Oracle,interview
942 _cAA
999 _c189058
_d189058